000 00671nam a2200229 a 4500
005 20240925064224.0
008 991125s1975 es 000 0 spa u
020 _a8471120046
035 _aUPN01000041124
049 _aCG
050 4 _aBF723 C43
_bB4.58 1975
100 1 _aBerge, André,
_d1902-1995
_934974
245 1 3 _aEl niño de carácter difícil /
_cAndré Berge ; tr. Federico Gómez de Castro.
250 _a2a ed.
260 _aMadrid :
_bMorata,
_c1975.
300 _a187 p.
440 0 _aFilosofía, psicología, pedagogía
650 4 _aNiño, Estudio del
_9221
650 7 _aNiños problema
_2
_912088
650 4 _aCarácter
_96650
905 _aLibro
999 _c41124
_d41124